| 000 | 00450nam a2200169 i 4500 | ||
|---|---|---|---|
| 001 | 31614 | ||
| 003 | ES-MaACL | ||
| 005 | 20230906154420.0 | ||
| 007 | t| | ||
| 008 | 030129s1976 sp ||||1| spa d | ||
| 100 | 1 |
_aBeneyto, María. _927559 |
|
| 245 | 1 | 0 |
_aPoesía _b: (1947-1964) / _cMaría Beneyto. |
| 250 | _a[2ª ed.]. | ||
| 260 |
_a[Barcelona : _bPlaza y Janés, _c1976] |
||
| 300 |
_a219 p. ; _c19 cm. |
||
| 852 |
_aES-MaACL _jA-6199 _bR.95236 |
||
| 999 |
_c31614 _d31614 |
||